Prínos Josepha E. Stiglitza nositeľa Nobelovej ceny za ekonómiu k rozvoju ekonomickej vedy

Životná cesta Josepha E. Stiglitza. Prínos Josepha Stiglitza k rozvoju ekonomickej vedy. Informačná asymetria na trhu. Asymetrické informácie a nedokonalé trhy. Existencia dlhodobých kontraktov. Klesajúce krivky hraničných nákladov. Nedokonalé informácie a nepružné ceny. Oligopolné teórie.

Saved in:
Bibliographic Details
Main Author: Martincová, Marta, 1955-
Format: Book Chapter
Language:Slovak
Subjects:
Tags: Add Tag
No Tags, Be the first to tag this record!

MARC

LEADER 00000naa$a2200000$$$4500
001 0035856
005 20240502071449.2
041 0 |a slo 
044 |a SK 
245 1 0 |a Prínos Josepha E. Stiglitza nositeľa Nobelovej ceny za ekonómiu k rozvoju ekonomickej vedy  |c Marta Martincová 
520 |a Životná cesta Josepha E. Stiglitza. Prínos Josepha Stiglitza k rozvoju ekonomickej vedy. Informačná asymetria na trhu. Asymetrické informácie a nedokonalé trhy. Existencia dlhodobých kontraktov. Klesajúce krivky hraničných nákladov. Nedokonalé informácie a nepružné ceny. Oligopolné teórie. 
610 2 0 |a Nobelova cena 
610 2 0 |a teórie ekonomické 
610 2 0 |a dejiny myslenia ekonomického 
610 2 0 |a životopisy 
610 2 0 |a financie verejné 
610 2 0 |a trh finančný 
610 2 0 |a kapitál zahraničný 
610 2 0 |a informácie asymetrické 
610 2 0 |a Stiglitz, J.E. 
100 1 |a Martincová, Marta, 1955-